| 000 | 00982nam a2200265 i 4500 | ||
|---|---|---|---|
| 001 | bg | ||
| 100 | 1 | _aKozioł, Mirosław. | |
| 245 | 1 | 0 |
_aProjektowanie cyfrowych filtrów quasi-odwrotnych w klasie układów nieprzyczynowych / _cMirosław Kozioł. |
| 260 |
_aZielona Góra : _bOficyna Wydawnicza Uniwersytetu Zielonogórskiego, _c2006. |
||
| 300 |
_a114 s. : _brys. ; _c24 cm. |
||
| 490 | 1 |
_aPrace Naukowe z Elektrotechniki i Elektroniki / Uniwersytet Zielonogórski. Wydział Elektrotechniki, Informatyki i Telekomunikacji ; _vt. 1 |
|
| 504 | _aBibliogr. s. 108-112. | ||
| 546 | _aStreszcz. ang. | ||
| 650 | 9 | _aFiltracja cyfrowa | |
| 650 | 9 | _aPrzetwarzanie danych | |
| 830 | 0 |
_aPrace Naukowe z Elektrotechniki i Elektroniki - Uniwersytet Zielonogórski ; _vt. 1 |
|
| 020 | _a837481053X | ||
| 040 | _cBPK | ||
| 041 | 0 |
_apol _beng |
|
| 044 | _aPOL | ||
| 080 | _a621.372:004.94 | ||
| 920 | _a83-7481-053-X | ||
| 942 | _cKS | ||
| 008 | s pl f |000 0 pol | ||
| 999 |
_c55018 _d55018 |
||
| 856 |
_uhttp://koha.tu.koszalin.pl/cgi-bin/koha/opac-detail.pl?biblionumber=55018 _yKatalog online BPK |
||